| 000 | 00569nam a2200241Ia 4500 | ||
|---|---|---|---|
| 008 | 210210b1953 xxu||||| |||| 00| 0 eng d | ||
| 041 | _aeng | ||
| 082 | _a825/1222 | ||
| 100 | _aBOAS ( Frederick S) WHITE (Beatrice) Ed | ||
| 245 | _aYears work in english studies 1951 Vol 32 | ||
| 260 |
_aLondon _bOxford University Press _c1953 |
||
| 440 | _a32 | ||
| 650 | _aYears | ||
| 650 | _awork | ||
| 650 | _aVol | ||
| 650 | _astudies | ||
| 650 | _ain | ||
| 650 | _aenglish | ||
| 650 | _a32 | ||
| 650 | _a1951 | ||
| 690 | _aEnglish Criticism | ||
| 906 | _a015536 | ||
| 999 |
_c134914 _d134914 |
||